[Event "TCh-FRA Top 12 2011"]
[Site "Mulhouse FRA"]
[Date "2011.05.27"]
[Round "2.3"]
[White "Maze,S"]
[Black "Rozentalis,E"]
[Result "1-0"]
[WhiteElo "2571"]
[BlackElo "2573"]

1.d4 Nf6 2.c4 e6 3.Nc3 Bb4 4.Nf3 d5 5.g3 c5 6.Bg2 dxc4 7.O-O O-O 8.dxc5 Qa5
9.Qd4 Qxc5 10.Qxc5 Bxc5 11.Ne5 Nc6 12.Nxc4 Bd7 13.Bf4 Rfd8 14.Bc7 Rdc8 15.Bd6 Nd8
16.Rad1 Bxd6 17.Nxd6 Rc7 18.Rd2 a6 19.Rfd1 Kf8 20.e4 e5 21.f4 Bc6 22.Nc4 Ne6
23.Nxe5 Rb8 24.Nxc6 bxc6 25.e5 Ne8 26.b3 c5 27.Bf1 g5 28.Nd5 Rc6 29.Bc4 gxf4
30.Nxf4 Ng5 31.Bd5 Rcb6 32.h4 Ne6 33.Bxe6 fxe6 34.Rd7 Ng7 35.Rc7  1-0

[Event "3rd Limpedea Cup"]
[Site "Baia Sprie ROU"]
[Date "2011.05.30"]
[Round "9"]
[White "Manea,Al"]
[Black "Genov,Peta"]
[Result "1/2-1/2"]
[WhiteElo "2405"]
[BlackElo "2444"]

1.d4 Nf6 2.Nf3 e6 3.c4 Bb4+ 4.Nc3 b6 5.Bd2 Bb7 6.g3 Bxc3 7.Bxc3 Ne4 8.Rc1 d6
9.Bg2 Nd7 10.O-O Nxc3 11.Rxc3 O-O 12.Nh4 Bxg2 13.Nxg2 Nf6 14.Qc2 c5 15.Rd1 Qc7
16.Ne3 Rfd8 17.Rcd3 Kf8 18.Rc3 Kg8 19.Qb1 Rac8 20.Qc2 Kf8 21.Qb1 Kg8 22.Qd3 h6
23.Qb1 Kf8 24.Qc2 Kg8 25.Qd3 Kf8 26.Qb1 Kg8 27.Rcd3 Kf8 28.R3d2 Kg8 29.Rd3 Kf8
30.Rc3 Kg8  1/2-1/2

[Event "Nis Open 2011"]
[Site "Nis SRB"]
[Date "2011.05.30"]
[Round "6.4"]
[White "Djukic,Sa"]
[Black "Livaja,M"]
[Result "1-0"]
[WhiteElo "2202"]
[BlackElo "2252"]

1.c4 Nf6 2.Nc3 e6 3.d4 Bb4 4.Nf3 c5 5.g3 O-O 6.Bg2 cxd4 7.Nxd4 a6 8.O-O Bxc3
9.bxc3 d6 10.Ba3 Qc7 11.Rb1 Nbd7 12.Nb3 Nc5 13.Nxc5 dxc5 14.Qd2 Qa5 15.Rb3 Rd8
16.Qe3 Nd7 17.Rd1 Rb8 18.Qd3 h6 19.Qd6 b5 20.cxb5 Bb7 21.Bxb7 axb5 22.Qa6 Qc7
23.Rxb5 Nf6 24.Rxd8+ Rxd8 25.Rxc5 Rd1+ 26.Kg2 Qd7 27.Qa8+ Kh7 28.Be4+ Nxe4
29.Qxe4+ f5 30.Qc6 Qa7 31.Qxe6 Qb7+ 32.f3  1-0

[Event "Nis Open 2011"]
[Site "Nis SRB"]
[Date "2011.05.30"]
[Round "6.9"]
[White "Lukic,I"]
[Black "Mladenovic,St"]
[Result "0-1"]
[WhiteElo "2136"]
[BlackElo "2124"]

1.d4 Nf6 2.c4 e6 3.Nc3 Bb4 4.Nf3 b6 5.Qb3 c5 6.Bg5 h6 7.Bh4 Bb7 8.e3 Na6
9.a3 cxd4 10.exd4 Be7 11.Be2 O-O 12.O-O Nc7 13.Rac1 Ne4 14.Bxe7 Qxe7 15.Nxe4 Bxe4
16.Qe3 f5 17.Nd2 Bb7 18.Bf3 Bxf3 19.Nxf3 d6 20.Rfe1 Rf6 21.b4 g5 22.Qb3 g4
23.Nd2 Qd7 24.d5 exd5 25.cxd5 Qf7 26.Red1 Re8 27.Nf1 f4 28.Qc3 Re7 29.Qc4 Rf5
30.Rd4 Nxd5 31.Rcd1 Ree5 32.g3 h5 33.gxf4 Nxf4 34.Rxf4 Rxf4 35.Qxf7+ Kxf7
36.Rxd6 Re2  0-1

[Event "Chicago Open"]
[Site "Wheeling USA"]
[Date "2011.05.30"]
[Round "8"]
[White "Gelashvili,T"]
[Black "Gerzhoy,L"]
[Result "1-0"]
[WhiteElo "2611"]
[BlackElo "2496"]

1.d4 Nf6 2.c4 e6 3.Nc3 Bb4 4.Nf3 c5 5.g3 O-O 6.Bg2 cxd4 7.Nxd4 d5 8.cxd5 Nxd5
9.Qb3 Nc6 10.Nxc6 bxc6 11.O-O Qa5 12.Bd2 Bxc3 13.bxc3 Ba6 14.Rfd1 Qc5 15.e4 Nb6
16.Be3 Qh5 17.Qb4 Be2 18.Rd2 Bf3 19.Bxb6 axb6 20.Qxb6 Bxg2 21.Kxg2 Qa5 22.Qxa5 Rxa5
23.a4 Rfa8 24.Rd6 g5 25.Rxc6 Rxa4 26.Rxa4 Rxa4 27.Kf3 Kg7 28.Ke3 Ra1 29.Rc5 Kg6
30.h4 gxh4 31.gxh4 h5 32.Rg5+ Kh6 33.Rg3 e5 34.c4 Rc1 35.Kd3 f6 36.f3 Kh7
37.Rg2 Rf1 38.c5 Rxf3+ 39.Kc4 Rf4 40.Kd5 Rxh4 41.c6 Rh1 42.Rc2 Rd1+ 43.Ke6 Rd8
44.Kxf6  1-0

[Event "Chicago Open"]
[Site "Wheeling USA"]
[Date "2011.05.30"]
[Round "8"]
[White "Kacheishvili,G"]
[Black "Arjun,V"]
[Result "1-0"]
[WhiteElo "2599"]
[BlackElo "2309"]

1.d4 Nf6 2.c4 e6 3.Nc3 Bb4 4.Nf3 b6 5.Bg5 h6 6.Bh4 Bxc3+ 7.bxc3 Bb7 8.Nd2 d6
9.f3 e5 10.e4 O-O 11.Be2 Nbd7 12.Nf1 Qe8 13.Ne3 Nh5 14.Bf2 Nf4 15.Bf1 f5
16.exf5 exd4 17.cxd4 Rxf5 18.Qc2 Ra5 19.O-O-O Nf8 20.Kb1 Bc6 21.Re1 Ba4 22.Qe4 Qxe4+
23.fxe4 Re8 24.g3 N4e6 25.Nd5 c5 26.e5 Nxd4 27.exd6 Rd8 28.Ne7+ Kh8 29.Bxd4 cxd4
30.Bd3 Rxd6 31.Rhf1 Rf6 32.Rxf6 gxf6 33.Nd5 Nd7 34.Re7 Rxd5 35.cxd5 Ne5 36.Bf5 d3
37.Kc1 Bc2 38.d6  1-0

[Event "Chicago Open"]
[Site "Wheeling USA"]
[Date "2011.05.30"]
[Round "8"]
[White "Lenderman,A"]
[Black "Sundararajan,K"]
[Result "1/2-1/2"]
[WhiteElo "2548"]
[BlackElo "2467"]

1.d4 Nf6 2.c4 e6 3.Nc3 Bb4 4.Nf3 b6 5.Bg5 h6 6.Bh4 g5 7.Bg3 Ne4 8.Qc2 Bb7
9.e3 Bxc3+ 10.bxc3 d6 11.Bd3 f5 12.d5 Na6 13.Nd4 Nac5 14.O-O Qf6 15.Bxe4 fxe4
16.f4 O-O 17.dxe6 Nxe6 18.fxg5 Nxd4 19.cxd4 Qxg5 20.Rf4 Rxf4 21.Bxf4 Qg7
22.Rd1 Rd8 23.Qa4 a6 24.Bg3 Kh7 25.Rf1 Rf8 26.Rxf8 Qxf8 27.Qd7+ Qg7 28.Qd8 a5
29.Qe8 Qg4 30.Qf7+ Qg7 31.Qf5+ Qg6 32.Qd7+ Qg7 33.Qa4 Qf7 34.Bf4 Ba6 35.c5 dxc5
36.dxc5 Qd5 37.Qe8 bxc5 38.h4 Bc4 39.Qe7+ Kg6 40.Qf8 h5 41.Qh6+ Kf7 42.Bg5 Qd1+
43.Kh2 Qd6+ 44.Qxd6 cxd6 45.a3 a4 46.Bd8 Ke6 47.Kg3 Be2 48.Kf4 d5 49.Bb6 Kd6
50.Ba7 Kc6 51.Ke5 Bf3 52.g3 Bd1 53.Ke6 Be2 54.Ke5 Bg4 55.Bb8 Bd7 56.Bd6 Be8
57.Bf8 Bf7 58.Be7 Kb5 59.Bd8 Kc4 60.Bb6 Be8 61.Ba7 Bg6 62.Bb6 d4 63.exd4 cxd4
64.Bxd4 Kd3 65.Bc5 e3 66.Kf4 e2 67.Bb4 Kc2 68.Ke3 Kd1 69.Kf2  1/2-1/2

[Event "TCh-BUL GpA Men"]
[Site "Albena BUL"]
[Date "2011.06.03"]
[Round "2.1"]
[White "Chatalbashev,B"]
[Black "Nikolov,Sas"]
[Result "1-0"]
[WhiteElo "2591"]
[BlackElo "2418"]

1.d4 Nf6 2.c4 e6 3.Nc3 Bb4 4.Nf3 b6 5.Qb3 c5 6.Bg5 Nc6 7.d5 Na5 8.Qc2 h6
9.Bh4 Nxc4 10.dxe6 dxe6 11.e4 b5 12.Bxc4 bxc4 13.e5 g5 14.Nxg5 Qd3 15.Qxd3 cxd3
16.Nxf7 Kxf7 17.Bxf6 Rg8 18.O-O Bb7 19.f3 Bxc3 20.bxc3 Bd5 21.Rad1 c4 22.Kf2 Rgb8
23.Rd2 a5 24.Ke3 a4 25.g4 a3 26.f4 Rb2 27.Rff2 Rb1 28.f5 Re1+ 29.Kd4 Rc8
30.Rf4 Re2 31.Rxe2 dxe2 32.Bh4 Bg2 33.fxe6+ Kxe6 34.Rf6+ Kd7 35.e6+ Kc7 36.e7 Re8
37.Re6 Bf1 38.Ke5 h5 39.Kf6  1-0

[Event "Zonal 3.4 Men"]
[Site "Tashkent UZB"]
[Date "2011.06.08"]
[Round "1.6"]
[White "Artemenko,O"]
[Black "Kuderinov,K"]
[Result "0-1"]
[WhiteElo "2297"]
[BlackElo "2480"]

1.d4 Nf6 2.c4 e6 3.Nc3 Bb4 4.Nf3 b6 5.Bg5 h6 6.Bh4 Bb7 7.e3 Bxc3+ 8.bxc3 d6
9.Nd2 Nbd7 10.f3 e5 11.e4 Qe7 12.Qa4 O-O 13.Bd3 Rfe8 14.O-O Nf8 15.Rfe1 Ng6
16.Bf2 Nh5 17.Bf1 Nhf4 18.g3 Ne6 19.Bg2 Qf6 20.Nb3 Reb8 21.Rad1 Ngf8 22.c5 dxc5
23.dxc5 Ng5 24.Re3 Bc8 25.Red3 Nh3+ 26.Bxh3 Bxh3 27.c4 Rd8 28.Qa3 Ne6 29.Qb2 Ng5
30.Qe2 Rxd3 31.Rxd3 Be6 32.Nd2 Nh3+ 33.Kg2 Nxf2 34.Qxf2 Rd8 35.Rxd8+ Qxd8
36.cxb6 axb6 37.Qe3 Qa8 38.a3 Qa4 39.c5 bxc5 40.Qxc5 Qd1 41.Qe3 c5 42.g4 c4
43.Qc3 f6 44.Kf2 Qa4 45.Ke2 Kh7 46.h4 h5 47.g5 fxg5 48.Qxe5 Qd7 49.hxg5 Qd3+
50.Ke1 Qe3+ 51.Kd1 c3  0-1

[Event "Zonal 3.4 Women"]
[Site "Tashkent UZB"]
[Date "2011.06.11"]
[Round "4.3"]
[White "Nodirjanova,N"]
[Black "Nakhbayeva,G"]
[Result "1-0"]
[WhiteElo "2166"]
[BlackElo "2244"]

1.d4 Nf6 2.c4 e6 3.Nc3 Bb4 4.Nf3 b6 5.Bg5 h6 6.Bh4 Bb7 7.Nd2 Nc6 8.a3 Bxc3
9.bxc3 g5 10.Bg3 d6 11.Qa4 Qe7 12.e4 O-O-O 13.f3 e5 14.Bf2 exd4 15.cxd4 Kb8
16.Be2 h5 17.Qb5 Nd7 18.O-O h4 19.h3 Nf8 20.Rfb1 Ne6 21.Qb2 Nf4 22.Bf1 Qd7
23.a4 a5 24.Qc3 f5 25.exf5 Qxf5 26.Rb5 Qf7 27.Rab1 g4 28.fxg4 Ne7 29.d5 Neg6
30.Bd4 Rhe8 31.Qf3 Qe7 32.Kh2 Rf8 33.Qb3 Ne2 34.Bxe2 Qxe2 35.Nf3 Nf4 36.Rb2 Qd3
37.Bf2 Qh7 38.Bxb6 cxb6 39.Rxb6 Rd7 40.Nd4 Kc8 41.Nb5 Rff7 42.Nxd6+ Rxd6
43.Rxd6 Qh8 44.Qb6 Qe8 45.Rf2 Rf8 46.Rf6 Rxf6 47.Qxf6 Ng6 48.Qd6 Qe5+ 49.Qxe5 Nxe5
50.c5 Kc7 51.Rf5 Nc4 52.g5  1-0

[Event "Teplice Open"]
[Site "Teplice CZE"]
[Date "2011.06.14"]
[Round "4"]
[White "Furman,Bo"]
[Black "Pacher,M"]
[Result "1/2-1/2"]
[WhiteElo "2264"]
[BlackElo "2407"]

1.d4 Nf6 2.c4 e6 3.Nc3 Bb4 4.Nf3 b6 5.Bg5 h6 6.Bh4 g5 7.Bg3 Ne4 8.Qc2 Bb7
9.e3 Bxc3+ 10.bxc3 d6 11.Bd3 f5 12.d5 Nd7 13.Nd4 Ndc5 14.O-O Qf6 15.f3 Nxg3
16.hxg3 exd5 17.cxd5 Bxd5 18.Bxf5 O-O 19.g4 Rae8 20.Kf2 Ne6 21.Rh1 Nxd4 22.exd4 c5
23.dxc5 bxc5 24.Rhe1 Kg7 25.Rxe8 Rxe8 26.Re1 Rb8 27.Qa4 Rb7 28.Rd1 Qe5 29.Rd2 Bf7
30.Qe4 Qxc3 31.Rxd6 Rb2+ 32.Kg3 Rd2 33.Rxd2 Qxd2 34.Qe5+ Kg8 35.Qb8+ Kg7
36.Qe5+ Kg8  1/2-1/2

[Event "49th National Challengers ch-IND"]
[Site "Aurangabad IND"]
[Date "2011.06.18"]
[Round "5"]
[White "Suvrajit,S"]
[Black "Shetty,R"]
[Result "0-1"]
[WhiteElo "2370"]
[BlackElo "2261"]

1.d4 Nf6 2.c4 e6 3.Nc3 Bb4 4.Nf3 b6 5.Bg5 Bb7 6.e3 h6 7.Bh4 g5 8.Bg3 Ne4
9.Qc2 Bxc3+ 10.bxc3 d6 11.Nd2 Nxd2 12.Qxd2 Nd7 13.f3 f5 14.Bd3 Qf6 15.e4 f4
16.Bf2 c5 17.Bc2 O-O-O 18.Ba4 e5 19.d5 Nf8 20.Qb2 Kc7 21.Bb5 Ng6 22.a4 a5
23.Ke2 Rb8 24.h3 h5 25.Rh2 g4 26.hxg4 hxg4 27.Rah1 Rxh2 28.Rxh2 g3 29.Rh7+ Ne7
30.Bg1 Rh8 31.Rxh8 Qxh8 32.Kf1 Ng6 33.Bc6 Ba6 34.Bb5 Bc8 35.Bc6 Qh1 36.Be8  0-1

[Event "64th ch-RUS HL"]
[Site "Taganrog RUS"]
[Date "2011.06.22"]
[Round "7"]
[White "Matlakov,M"]
[Black "Lysyj,I"]
[Result "1/2-1/2"]
[WhiteElo "2632"]
[BlackElo "2629"]

1.d4 Nf6 2.c4 e6 3.Nc3 Bb4 4.Nf3 c5 5.g3 cxd4 6.Nxd4 O-O 7.Bg2 d5 8.cxd5 Nxd5
9.Qb3 Qb6 10.Bxd5 exd5 11.Be3 Nc6 12.Nxc6 Bxc3+ 13.Qxc3 Qxc6 14.Bd4 Qxc3+
15.Bxc3 f6 16.f3 h5 17.Kf2 Be6 18.a3 Rac8 19.Rad1 Rc4 20.h3 Kf7 21.g4 Rh8
22.e3 Rcc8 23.Kg3 a6 24.f4 hxg4 25.hxg4 Rxh1 26.Rxh1 Bd7 27.Rh5 Bc6 28.f5 Re8
29.Bd4 Bd7 30.Rh1 Rc8 31.Kf4 Re8 32.Rc1 Rc8 33.Rxc8 Bxc8 34.Bc3 Bd7 35.Bd4 Ba4
36.g5 fxg5+ 37.Kxg5 Bc2 38.Kf4 Bd3 39.Bc3 Bc2 40.Bd4 Bd3  1/2-1/2

[Event "ch-Commonwealth RSA-Open"]
[Site "Ekurhuleni RSA"]
[Date "2011.06.24"]
[Round "9"]
[White "Bornheim,D"]
[Black "Boikanyo,C"]
[Result "0-1"]
[WhiteElo "1730"]
[BlackElo "2029"]

1.d4 Nf6 2.c4 e6 3.Nf3 Bb4+ 4.Nc3 d5 5.Qc2 O-O 6.Bg5 h6 7.Bh4 b6 8.a3 Bxc3+
9.Qxc3 Nbd7 10.cxd5 exd5 11.Qc6 Ba6 12.Rc1 Re8 13.Nd2 Re6 14.Qa4 Qc8 15.b4 c5
16.Bxf6 Rxf6 17.b5 Bb7 18.g3 a6 19.Bh3 axb5 20.Qxb5 Bc6 21.Qb2 Qa6 22.Nb1 c4
23.O-O b5 24.Nc3 Qxa3 25.Qxa3 Rxa3 26.Nxd5 Bxd5 27.Bxd7 Rb6 28.Rfe1 b4 29.Bf5 c3
30.Bb1 Ba2 31.Bd3 b3  0-1

[Event "ch-Commonwealth RSA-Open"]
[Site "Ekurhuleni RSA"]
[Date "2011.06.24"]
[Round "10.6"]
[White "Mabusela,J"]
[Black "Smerdon,D"]
[Result "0-1"]
[WhiteElo "2270"]
[BlackElo "2520"]

1.d4 Nf6 2.c4 e6 3.Nc3 Bb4 4.Nf3 d5 5.e3 c5 6.a3 Bxc3+ 7.bxc3 Qc7 8.cxd5 exd5
9.Be2 Ne4 10.Bb2 c4 11.Nd2 Nxd2 12.Qxd2 Bf5 13.O-O O-O 14.f3 Nd7 15.Rae1 Rfe8
16.Rf2 Re6 17.Bf1 Rae8 18.g4 Bg6 19.Bg2 Bd3 20.Bf1 Bg6 21.Bg2 Nb6 22.f4 Be4
23.f5 Rh6 24.Bxe4 Rxe4 25.Rf4 Rh4 26.Qg2 h5 27.Rxe4 dxe4 28.gxh5 Nd5 29.h6 Rxh6
30.Qxe4 Rxh2 31.Qxd5 Qg3+ 32.Kf1 Qf2+  0-1

[Event "4th Sveins Memorial"]
[Site "Oslo NOR"]
[Date "2011.06.24"]
[Round "6"]
[White "Arnold,Mar"]
[Black "Hammer,J"]
[Result "1-0"]
[WhiteElo "2432"]
[BlackElo "2609"]

1.d4 Nf6 2.c4 e6 3.Nc3 Bb4 4.Nf3 d5 5.Bg5 Nbd7 6.cxd5 exd5 7.e3 c5 8.Bd3 Qa5
9.Qc2 c4 10.Bf5 O-O 11.Nd2 Re8 12.O-O g6 13.Bh3 Kg7 14.a3 Bxc3 15.Qxc3 Qxc3
16.bxc3 h6 17.Bxf6+ Nxf6 18.Bxc8 Raxc8 19.Rfb1 Re7 20.a4 Rc6 21.Kf1 Kf8 22.Rb4 Ke8
23.Rab1 b6 24.Rb5 Kd8 25.a5 Kc7 26.Ke2 Kb7 27.h3 Rd6 28.Kd1 g5 29.axb6 axb6
30.Kc2 Nd7 31.e4 dxe4 32.Rf5 Rf6 33.Nxc4 Rxf5 34.Nd6+ Kc6 35.Nxf5 Re8 36.Nxh6 e3
37.Rf1 Re6 38.Ng4 e2 39.Re1 f5 40.Ne5+ Nxe5 41.Rxe2 Rh6 42.Rxe5 g4 43.hxg4 fxg4
44.Rg5 Rf6 45.Rxg4 Rxf2+ 46.Kd3 b5 47.Rg6+ Kc7 48.g4 Rf3+ 49.Kc2 Rg3 50.Kb3 Rg1
51.Kb4 Rb1+ 52.Kc5 Rb3 53.c4 bxc4 54.Rg7+ Kd8 55.Kxc4 Rg3 56.d5 Ke8 57.d6 Rg1
58.Kd5 Kf8 59.Ra7  1-0

[Event "7th Lazy Open"]
[Site "Lazy POL"]
[Date "2011.06.26"]
[Round "2.4"]
[White "Shishkin,Va UKR"]
[Black "Gralka,J"]
[Result "1-0"]
[WhiteElo "2474"]
[BlackElo "2282"]

1.d4 Nf6 2.c4 e6 3.Nc3 Bb4 4.Nf3 d5 5.cxd5 exd5 6.Bg5 Nbd7 7.e3 c5 8.Bd3 Qa5
9.Qc2 c4 10.Bf5 O-O 11.O-O Re8 12.Nd2 g6 13.Bh3 Kg7 14.Rae1 Bxc3 15.bxc3 Nb6
16.Bxc8 Raxc8 17.Bxf6+ Kxf6 18.e4 Kg7 19.e5 Na4 20.Re3 b5 21.f4 f5 22.Nf3 Re7
23.Nh4 Kh8 24.g4 fxg4 25.f5 gxf5 26.Nxf5 Re6 27.Nd6  1-0

[Event "ch-Commonwealth RSA-Open"]
[Site "Ekurhuleni RSA"]
[Date "2011.06.27"]
[Round "4"]
[White "Karavade,E"]
[Black "Klaasen,C"]
[Result "0-1"]
[WhiteElo "2343"]
[BlackElo "2068"]

1.d4 Nf6 2.c4 e6 3.Nc3 Bb4 4.Nf3 b6 5.e3 Bb7 6.Bd3 Ne4 7.Qc2 f5 8.O-O Bxc3
9.bxc3 O-O 10.Nd2 Qh4 11.f3 Ng5 12.f4 Nf7 13.e4 g6 14.Ba3 d6 15.c5 Re8 16.Rae1 Qd8
17.exf5 exf5 18.Nf3 Bxf3 19.Rxe8+ Qxe8 20.Rxf3 Qe1+ 21.Rf1 Qe3+ 22.Kh1 dxc5
23.Bc1 Qe6 24.Qf2 Nd7 25.Re1 Qf6 26.Bc4 Kf8 27.dxc5 Nxc5 28.Ba3 Nd6 29.Bxc5 bxc5
30.Bd5 Re8 31.Rxe8+ Nxe8 32.Qxc5+ Qd6 33.Qc4 Nf6 34.Bf3 Ne4 35.g3 Qc5 36.Qb4 Qxb4
37.cxb4 Nc3 38.a3 Ke7 39.Kg2 Kd6 40.Kf2 Nb1 41.a4 Nc3 42.a5 c6 43.Ke3 Na2
44.Kd4 Nxb4 45.Kc4 Nd5 46.Be2 Ne3+ 47.Kd4 Ng4 48.h3 Nf6 49.g4 Nd5 50.gxf5 Nxf4  0-1

[Event "19th Albena Open"]
[Site "Albena BUL"]
[Date "2011.06.29"]
[Round "5.31"]
[White "Simonian,T"]
[Black "Kopelevitch,E"]
[Result "1-0"]
[WhiteElo "2294"]
[BlackElo "1842"]

1.d4 Nf6 2.c4 e6 3.Nf3 Bb4+ 4.Nc3 O-O 5.Bg5 h6 6.Bh4 d5 7.cxd5 exd5 8.e3 Qd6
9.Bd3 Ne4 10.Bxe4 dxe4 11.Nd2 Bf5 12.O-O Bxc3 13.bxc3 Nd7 14.Bg3 Qg6 15.Qb3 Qb6
16.Qd5 Be6 17.Qxe4 Qb2 18.Qd3 b6 19.a4 Ba2 20.Bxc7 Rfc8 21.Bd6 Rc6 22.Qb5 Qxc3
23.Rxa2  1-0

[Event "19th Albena Open"]
[Site "Albena BUL"]
[Date "2011.06.30"]
[Round "6.45"]
[White "Krustev,V"]
[Black "Yakimenko,Alex"]
[Result "1/2-1/2"]
[WhiteElo "2025"]
[BlackElo "2225"]

1.d4 e6 2.c4 Nf6 3.Nc3 Bb4 4.Nf3 O-O 5.e3 b6 6.Be2 Bb7 7.O-O d5 8.cxd5 exd5
9.a3 Bd6 10.b3 Nbd7 11.Bb2 a6 12.Bd3 Re8 13.Qc2 Rc8 14.Rac1 Qe7 15.Ne2 c5
16.Qb1 Ne4 17.dxc5 bxc5 18.Ng3 g6 19.Ba1 Nxg3 20.hxg3 Ne5 21.Be2 Ng4 22.Qb2 f6
23.b4 Nxe3 24.fxe3 Qxe3+ 25.Kh1 Qh6+ 26.Kg1 Qe3+ 27.Kh1 Bxg3 28.Qxf6 Qh6+
29.Kg1 Qe3+ 30.Kh1 Qh6+ 31.Kg1 Qe3+ 32.Kh1 Qh6+  1/2-1/2

[Event "19th Albena Open"]
[Site "Albena BUL"]
[Date "2011.07.01"]
[Round "7.9"]
[White "Anton,T"]
[Black "Kolev,At1"]
[Result "0-1"]
[WhiteElo "2355"]
[BlackElo "2590"]

1.d4 Nf6 2.c4 e6 3.Nc3 Bb4 4.Nf3 c5 5.g3 Nc6 6.Bg2 Ne4 7.Qd3 cxd4 8.Nxd4 Nxc3
9.bxc3 Ne5 10.Qc2 Be7 11.Qa4 O-O 12.Rb1 d6 13.Bxb7 Rb8 14.Be4 Rxb1 15.Bxb1 Qc7
16.f4 Bb7 17.O-O Nxc4 18.Bd3 Nb6 19.Qa5 g6 20.Kf2 Ra8 21.e4 e5 22.Nf3 d5
23.exd5 Bc5+ 24.Kg2 Bxd5 25.fxe5 Qxe5 26.Bf4 Qe7 27.c4 Bc6 28.Re1 Qf8 29.Be4 Bb4
30.Qg5 Bxe1 31.Bxc6 Rc8 32.Bb7 Rc5 33.Qf6 Rf5 34.Qd4 Bb4 35.Ne5 Qd6 36.Qb2 Na4
37.Qc2 Rxe5 38.Bxe5 Qxe5 39.Qxa4 Qe2+ 40.Kh3 Qf1+ 41.Bg2 Qf5+ 42.g4 Qd3+
43.Kh4 Be1+ 44.Kg5 Qe3+  0-1

[Event "39th World Open"]
[Site "Philadelphia USA"]
[Date "2011.07.03"]
[Round "6"]
[White "Kacheishvili,G"]
[Black "Gerzhoy,L"]
[Result "1-0"]
[WhiteElo "2599"]
[BlackElo "2496"]

1.d4 Nf6 2.c4 e6 3.Nc3 Bb4 4.Nf3 O-O 5.Bg5 c5 6.Rc1 cxd4 7.Nxd4 d5 8.cxd5 Qxd5
9.Bxf6 gxf6 10.a3 Bxc3+ 11.Rxc3 Rd8 12.Rd3 Qa5+ 13.b4 Qb6 14.e3 a5 15.Nxe6 Bxe6
16.Rxd8+ Kg7 17.b5 Qc7 18.Rd2 Nd7 19.Bd3 Ne5 20.O-O Ng4 21.g3 h5 22.Be4 Rh8
23.Rc2 Qb8 24.Bd5 Rd8 25.Rd2 Ne5 26.f4 Bg4 27.Qc2 Nd7 28.Bf3 Rc8 29.Qd1 Bxf3
30.Qxf3 Nf8 31.Qxh5 Ng6 32.Rd7 Qa7 33.Re1 Rc1 34.Rxc1 Qxe3+ 35.Kg2 Qxc1 36.Qd5 Nh8
37.Rxb7 Qc2+ 38.Kh3 Qh7+ 39.Kg4 Qxh2 40.Re7 Qb2 41.a4 Qa3 42.Rd7 Qe3 43.Qd3 Qc5
44.f5 Qf2 45.Rd4 Qg2 46.Qe4 Qf2 47.Qd3 Qg2 48.Qf3 Qb2 49.Re4 Qh2 50.Re8 Qc2
51.Kh3  1-0

[Event "XXXIV Open"]
[Site "Barbera del Valles ESP"]
[Date "2011.07.04"]
[Round "1"]
[White "Gavilan Diaz,M"]
[Black "Arizmendi Martinez,J"]
[Result "0-1"]
[WhiteElo "2266"]
[BlackElo "2555"]

1.d4 Nf6 2.c4 e6 3.Nc3 Bb4 4.Nf3 b6 5.Bg5 h6 6.Bxf6 Qxf6 7.e4 Bb7 8.Bd3 c5
9.O-O cxd4 10.Nb5 Qd8 11.Nbxd4 Nc6 12.Nxc6 Bxc6 13.Ne5 Bb7 14.Bc2 Qc7 15.Qh5 O-O
16.Rfd1 Rad8 17.Rac1 Be7 18.Bb1 Bg5 19.h4 Bxc1 20.Rxc1 Qc5 21.b4 Qxb4 22.Ng4 Qd2  0-1

[Event "TCh-TUR 2011"]
[Site "Konya TUR"]
[Date "2011.07.04"]
[Round "7"]
[White "Citak,S"]
[Black "Can,E"]
[Result "1/2-1/2"]
[WhiteElo "2356"]
[BlackElo "2487"]

1.d4 Nf6 2.c4 e6 3.Nc3 Bb4 4.Nf3 d5 5.Bg5 h6 6.Bxf6 Qxf6 7.Qb3 c5 8.cxd5 exd5
9.a3 Bxc3+ 10.Qxc3 Nd7 11.e3 a6 12.a4 O-O 13.Be2 b6 14.O-O Bb7 15.dxc5 Qxc3
16.bxc3 bxc5 17.c4 dxc4 18.Bxc4 Nb6 19.Be2 Bc6 20.a5 Nd7 21.Rfd1 Rfc8 22.Rd6 Kf8
23.Rad1 Ra7 24.Nd2 Ke7 25.Nc4 Bb5 26.f4 Rb8 27.Kf1 Ba4 28.R1d2 Rb4 29.Nb6 Nxb6
30.Rxb6 Bb5 31.Bxb5 Rxb5 32.Ra2 Kd7 33.Rd2+ Ke7 34.Ra2 Kd7  1/2-1/2

[Event "9th Niki Open"]
[Site "Nachod CZE"]
[Date "2011.07.04"]
[Round "3.9"]
[White "Furman,Bo"]
[Black "Trapl,D"]
[Result "1/2-1/2"]
[WhiteElo "2262"]
[BlackElo "2132"]

1.d4 Nf6 2.c4 e6 3.Nc3 Bb4 4.Nf3 b6 5.Bg5 Bb7 6.e3 Bxc3+ 7.bxc3 d6 8.Be2 O-O
9.O-O Nc6 10.Nd2 h6 11.Bh4 e5 12.Qc2 Re8 13.Rae1 Qe7 14.f4 exf4 15.exf4 Qe3+
16.Kh1 Qxe2 17.Rxe2 Rxe2 18.Bxf6 gxf6 19.Qd3 Rae8 20.Qg3+ Kh7 21.Nf3 Na5
22.Qh4 Kg7 23.Qg4+ Kh7 24.Qh5 R8e7 25.d5 Nxc4 26.Nd4 Rf2 27.Kg1 Rxf1+ 28.Kxf1 Ne3+
29.Kf2 Kg7 30.Nf5+ Nxf5 31.Qxf5 a5 32.g4 Ba6 33.g5 fxg5 34.fxg5 hxg5 35.Qxg5+ Kf8
36.h4 Re2+ 37.Kg3 Ke8 38.h5 Re5 39.Qg8+ Ke7 40.h6 Bd3 41.Qc8 Rxd5 42.Qxc7+ Ke6
43.Qxb6 Bg6 44.Kf4 Re5 45.Qd8 Re4+ 46.Kf3 Re5 47.Qe8+ Kf6 48.Qd7 Rd5 49.Kf4 Bd3
50.c4 Bxc4 51.Qc8 Bd3 52.Qh8+ Ke7 53.Qg7 Rh5 54.Kg4 Bg6  1/2-1/2

[Event "e2e4 ch-IRL"]
[Site "Dublin IRL"]
[Date "2011.07.05"]
[Round "4"]
[White "McMahon,D"]
[Black "Daly,C"]
[Result "1-0"]
[WhiteElo "2196"]
[BlackElo "2305"]

1.d4 Nf6 2.c4 e6 3.Nc3 Bb4 4.Nf3 b6 5.Qb3 Na6 6.Bg5 Bb7 7.e3 c5 8.Bd3 cxd4
9.exd4 Bxf3 10.gxf3 Be7 11.O-O-O O-O 12.Kb1 Nc7 13.Bf4 Nh5 14.Bxc7 Qxc7 15.d5 Qf4
16.Nb5 Bc5 17.dxe6 dxe6 18.Be4 Rad8 19.Nxa7 Nf6 20.Qc2 Rxd1+ 21.Rxd1 Qxh2
22.Nc6 h5 23.b4 Bd6 24.a4 h4 25.c5 bxc5 26.b5 h3 27.a5 Qf4 28.a6 Nd7 29.Qd2 h2
30.Qxf4 Bxf4 31.a7 Nb6 32.Ne7+ Kh8 33.Bb7 Kh7 34.Nc8 Rxc8 35.Bxc8 Kg6 36.Bd7 Kg5
37.Be8 f5 38.Bd7 Kf6 39.Bc6 g6 40.Bd7 Ke7 41.Bc6 Kf6 42.Bd7 Ke7 43.Kc2 Kf6
44.Re1 Kg5 45.Bxe6 Kh4 46.Bc4 g5 47.Re7 Kh5 48.Bf7+ Kh6 49.Re1 Kg7 50.Bd5 Kg6
51.a8=Q Nxa8 52.Bxa8 Kf6 53.Kd3  1-0

[Event "1st ch-CHN Rapid Men Prelim"]
[Site "Hefei CHN"]
[Date "2011.07.05"]
[Round "8.3"]
[White "Zhou Jianchao"]
[Black "Xu Jun"]
[Result "1-0"]
[WhiteElo "2636"]
[BlackElo "2498"]

1.d4 Nf6 2.c4 e6 3.Nc3 Bb4 4.Nf3 O-O 5.Bg5 c5 6.d5 d6 7.Nd2 h6 8.Bh4 exd5
9.Nxd5 g5 10.Nxb4 cxb4 11.Bg3 Nc6 12.e3 d5 13.Nb3 Bg4 14.f3 Bh5 15.c5 Re8
16.Qd2 a5 17.Bb5 d4 18.e4 a4 19.Nc1 Ra5 20.Bxc6 bxc6 21.O-O Rxc5 22.Nd3 Rb5
23.Rac1 Qb6 24.Rc4 c5 25.h4 gxh4 26.Bxh4 Nd7 27.Nf4 Bg6 28.Nd5 Qd6 29.Qxh6 Re6
30.Qg5 Re5 31.Qd8+ Kg7 32.Bf6+ Qxf6 33.Nxf6 Nxf6 34.Qc7 Rh5 35.Rfc1 a3 36.bxa3 bxa3
37.Rxc5 Rhxc5 38.Rxc5 Rb2 39.Qe5 d3 40.Rc6 d2 41.Qxf6+ Kh7 42.Rd6 Rb1+ 43.Kh2 d1=Q
44.Rxd1 Rxd1 45.Qc3  1-0

[Event "Karvina Open"]
[Site "Karvina CZE"]
[Date "2011.07.05"]
[Round "4.5"]
[White "Dmitrenko,V"]
[Black "Dubiel,J"]
[Result "1/2-1/2"]
[WhiteElo "2353"]
[BlackElo "2416"]

1.c4 e6 2.Nf3 Nf6 3.d4 Bb4+ 4.Nc3 Ne4 5.Qc2 f5 6.a3 Bxc3+ 7.bxc3 b6 8.g4 O-O
9.gxf5 exf5 10.Rg1 Qf6 11.Bf4 d6 12.Ng5 Bb7 13.f3 Nxg5 14.Bxg5 Qe6 15.O-O-O Qxc4
16.e4 Qe6  1/2-1/2

[Event "Lev Polugaevsky Mem"]
[Site "Samara RUS"]
[Date "2011.07.05"]
[Round "1"]
[White "Bukavshin,I"]
[Black "Jurkina,Y"]
[Result "1-0"]
[WhiteElo "2506"]
[BlackElo "2014"]

1.d4 Nf6 2.c4 e6 3.Nc3 Bb4 4.Nf3 Nc6 5.Qc2 d6 6.a3 Bxc3+ 7.Qxc3 h6 8.e3 O-O
9.Be2 Re8 10.b4 e5 11.d5 Ne7 12.Nd2 e4 13.Bb2 Ng6 14.O-O-O c6 15.dxc6 bxc6
16.Nb3 d5 17.cxd5 cxd5 18.Bb5 Re7 19.Bc6 Rc7 20.Na5 Ne7 21.b5 Bd7 22.Kb1 Bxc6
23.bxc6 Nxc6 24.Nxc6 Qe8 25.Rc1 Rac8 26.Qa5 Rxc6 27.Rxc6 Qxc6 28.Rc1 Qb7
29.Rxc8+ Qxc8 30.Qxa7 Qc4 31.a4 Qd3+ 32.Ka2 Qc4+ 33.Ka3 Qd3+ 34.Kb4 Qd2+
35.Bc3 Qd3 36.Qa8+ Kh7 37.Qc6 Ng4 38.a5 Qb1+ 39.Kc5 Qb3 40.Bd4 Nxf2 41.Qb5 Nd3+
42.Kb6 Qa3 43.Qxd5 Qb4+ 44.Ka7 Qe7+ 45.Qb7 Qe6 46.a6 f6 47.Bxf6 Qxf6 48.Qxe4+ Qg6
49.Qxg6+ Kxg6 50.Kb6  1-0

[Event "111th ch-SUI"]
[Site "Leukerbad SUI"]
[Date "2011.07.07"]
[Round "1"]
[White "Kock,HU"]
[Black "Cebalo,M"]
[Result "0-1"]
[WhiteElo "2084"]
[BlackElo "2484"]

1.d4 Nf6 2.c4 e6 3.Nc3 Bb4 4.Nf3 b6 5.g3 Bb7 6.Bg2 Bxc3+ 7.bxc3 d6 8.O-O Nbd7
9.Re1 O-O 10.Nd2 Bxg2 11.Kxg2 e5 12.e4 c5 13.d5 Ne8 14.Nf3 f6 15.h4 Nc7 16.a4 Qe8
17.g4 h5 18.g5 f5 19.Nd2 Qg6 20.exf5 Rxf5 21.Ne4 Raf8 22.Ra2 Rf3 23.Qxf3 Rxf3
24.Kxf3 Qf5+ 25.Kg2 Qg4+ 26.Kf1 Ne8 27.a5 Qxh4 28.Kg2 Qg4+ 29.Kh2 bxa5 30.Rxa5 Nf8
31.Rxa7 Ng6 32.Ra8 Kf7 33.Re3 Nf4 34.g6+ Qxg6  0-1

[Event "ch-NOR"]
[Site "Oslo NOR"]
[Date "2011.07.07"]
[Round "6"]
[White "Thomassen,J"]
[Black "Smith,Ax"]
[Result "0-1"]
[WhiteElo "2400"]
[BlackElo "2465"]

1.d4 Nf6 2.c4 e6 3.Nc3 Bb4 4.Nf3 d5 5.cxd5 exd5 6.Bg5 h6 7.Bh4 c5 8.dxc5 Nbd7
9.Rc1 Qa5 10.Qd4 O-O 11.a3 Bxc5 12.Qd2 Bb6 13.e3 Ne4 14.Nxe4 dxe4 15.Qxa5 Bxa5+
16.b4 exf3 17.bxa5 Ne5 18.Rc3 Bg4 19.h3 fxg2 20.Bxg2 Nf3+ 21.Bxf3 Bxf3 22.O-O a6
23.Kh2 Rfe8 24.Rfc1 Bc6 25.Rd3 f6 26.Bg3 Re4 27.Bc7 Ra4 28.Bb6 Re8 29.Rc5 Kf7
30.Kg3 g5 31.f3 h5 32.e4 Rg8 33.Rd6 g4 34.fxg4 hxg4 35.hxg4 Rxa3+ 36.Kf2 Ke7
37.e5 fxe5 38.Rh6 Rxg4 39.Rxe5+ Kf7 40.Re3 Rg2+ 41.Kf1 Raa2 42.Re5 Rgb2 43.Re1 Bb5+
44.Kg1 Rg2+ 45.Kh1 Bc6 46.Rf1+ Kg7  0-1